Southville International School and Colleges
Your cart is empty.
  • Cart
  • Lists
    Public lists Eva Luna New books Lux_list list_1
    Your lists Log in to create your own lists
  • Log in to your account
  • Your cookies
  • Search history
Southville International School and Colleges
  • Advanced search
  • Recent comments
  • Most popular
  • Libraries

Log in to your account

Log in with GOOGLE


If you do not have an external account, but do have a local account, you can still log in:

  1. Home
  2. MARC view: Food, cuisine, and cultural competency for culinary, hospitality, and nutrition professionals /
Normal view MARC view ISBD view

Food, cuisine, and cultural competency for culinary, hospitality, and nutrition professionals / (Record no. 14396)

[ view plain ]
MARC details
000 -LEADER
fixed length control field 00943nam a2200277 a 4500
003 - CONTROL NUMBER IDENTIFIER
control field PILC
005 - DATE AND TIME OF LATEST TRANSACTION
control field 20150112093431.0
008 - FIXED-LENGTH DATA ELEMENTS--GENERAL INFORMATION
fixed length control field 110623s19uu xx 00 eng d
010 ## - LIBRARY OF CONGRESS CONTROL NUMBER
LC control number 2009044578
020 ## - INTERNATIONAL STANDARD BOOK NUMBER
International Standard Book Number 978-0-7637-5965-0
050 ## - LIBRARY OF CONGRESS CALL NUMBER
Classification number TX 357
Item number .F637 2010
082 ## - DEWEY DECIMAL CLASSIFICATION NUMBER
Classification number HSF 641.5
Item number F637 2011
100 ## - MAIN ENTRY--PERSONAL NAME
Personal name Edelstein, Sari, editor
9 (RLIN) 11270
245 ## - TITLE STATEMENT
Title Food, cuisine, and cultural competency for culinary, hospitality, and nutrition professionals /
Statement of responsibility, etc edited by Sari Edelstein.
260 ## - PUBLICATION, DISTRIBUTION, ETC. (IMPRINT)
Place of publication, distribution, etc Sudbury, Mass :
Name of publisher, distributor, etc Jones and Bartlett Publishers,
Date of publication, distribution, etc 2011.
300 ## - PHYSICAL DESCRIPTION
Extent 610 pages :
Other physical details ill. maps ;
Dimensions 28 cm.
500 ## - GENERAL NOTE
General note Includes bibliographical references and index.
650 ## - SUBJECT ADDED ENTRY--TOPICAL TERM
Topical term or geographic name as entry element Diet
9 (RLIN) 11271
650 ## - SUBJECT ADDED ENTRY--TOPICAL TERM
Topical term or geographic name as entry element Food habits
9 (RLIN) 11272
650 ## - SUBJECT ADDED ENTRY--TOPICAL TERM
Topical term or geographic name as entry element Cooking
9 (RLIN) 10029
650 ## - SUBJECT ADDED ENTRY--TOPICAL TERM
Topical term or geographic name as entry element Diet
General subdivision ethnology
9 (RLIN) 11273
650 ## - SUBJECT ADDED ENTRY--TOPICAL TERM
Topical term or geographic name as entry element Food habits
General subdivision ethnology
9 (RLIN) 11274
650 ## - SUBJECT ADDED ENTRY--TOPICAL TERM
Topical term or geographic name as entry element Cookery
General subdivision methods
9 (RLIN) 11275
650 ## - SUBJECT ADDED ENTRY--TOPICAL TERM
Topical term or geographic name as entry element Cultural competency
9 (RLIN) 11276
942 ## - ADDED ENTRY ELEMENTS (KOHA)
Source of classification or shelving scheme Library of Congress Classification
Koha item type Books
Holdings
Withdrawn status Lost status Source of classification or shelving scheme Damaged status Home library Current library Shelving location Date acquired Total Checkouts Full call number Barcode Date last seen Copy number Price effective from Koha item type
    Library of Congress Classification   Southville International School Affiliated with Foreign Universities Library Southville International School Affiliated with Foreign Universities Library Southville Foreign University Section 08/16/2013   TX 357 .F637 2010 SFU1458 05/15/2018 1 08/16/2013 Books

Food, cuisine, and cultural competency for culinary, hospitality, and nutrition professionals /

APA

Edelstein S. e., . (2011). Food, cuisine, and cultural competency for culinary, hospitality, and nutrition professionals. Sudbury, Mass: Jones and Bartlett Publishers.

Chicago

Edelstein Sari editor, . 2011. Food, cuisine, and cultural competency for culinary, hospitality, and nutrition professionals. Sudbury, Mass: Jones and Bartlett Publishers.

Harvard

Edelstein S. e., . (2011). Food, cuisine, and cultural competency for culinary, hospitality, and nutrition professionals. Sudbury, Mass: Jones and Bartlett Publishers.

MLA

Edelstein Sari editor, . Food, cuisine, and cultural competency for culinary, hospitality, and nutrition professionals. Sudbury, Mass: Jones and Bartlett Publishers. 2011.

  • Place hold
  • Print
  • Cite
  • Add to your cart (remove)
  • Save record
    BIBTEX Dublin Core MARCXML MARC (non-Unicode/MARC-8) MARC (Unicode/UTF-8) MARC (Unicode/UTF-8, Standard) MODS (XML) RIS
  • More searches
    Search for this title in:
    Other Libraries (WorldCat) Other Databases (Google Scholar) Online Stores (Bookfinder.com) Open Library (openlibrary.org)

Exporting to Dublin Core...

SOUTHVILLE LIBRARY

Southville International School and Colleges Library

1281 Tropical Ave. Cor. Luxembourg St., BF Homes International, Las Pinas City

Tel. No. 8256374 / 252358 Loc. 117/146

Powered by Koha